000 00450nam a2200169Ia 4500
008 230524s9999 xx 000 0 und d
020 _a9788131713297
082 _bCHO
100 _aAnil K. Chopra
_942889
245 0 _aDynamics of Structures: Theory and Applications to Earthquake Engineering
250 _a1
260 _aNew Delhi
_bPearson
_c2015
300 _a"XIX,865p;"
500 _aQuantity Number: 1
650 _aCivil
942 _cBK
999 _c57859
_d57859